Statistics for "V" Synonyms

Click here to take the quiz!

General Stats

  • This quiz has been taken 55 times
  • The average score is 12 of 20

Answer Stats

WordV Synonyms% Correct
Female FoxVixen
85%
ConceitedVain
80%
ExpansiveVast
80%
RegurgitateVomit
78%
SmirnoffVodka
76%
WineVino
74%
PledgeVow
74%
DizzinessVertigo
72%
PoisonVenom
70%
SnakeViper
67%
CourageValor / Valour
59%
DisgustingVile
57%
EssentialVital
54%
PriestVicar
48%
StrengthVigor
39%
FashionableVogue
39%
BotherVex
37%
EyeshotView
30%
DullVapid
22%
MisconductVice / Villainy / Venality
11%

Score Distribution

Percentile by Number Answered

Percent of People with Each Score

Your Score History

You have not taken this quiz